Introduction to design and analysis of experiments
Saved in:
| Hovedforfatter: | |
|---|---|
| Format: | Bog |
| Sprog: | engelsk |
| Udgivet: |
Nueva York
Springer
1998
|
| Fag: | |
| Tags: |
Tilføj Tag
Ingen Tags, Vær først til at tagge denne postø!
|
MARC
| LEADER | 00000nam a2200000 a 4500 | ||
|---|---|---|---|
| 001 | UCK6555 | ||
| 003 | CL-VaPUC | ||
| 008 | 051007e19980000US |||||||||||||||||eng|d | ||
| 020 | |a 1931914079 | ||
| 082 | 0 | 4 | |a 519.5 |b COB |2 21 |
| 100 | 0 | |a Cobb, George W |e author |9 495934 | |
| 245 | 1 | 0 | |a Introduction to design and analysis of experiments |
| 300 | |a 802 p | ||
| 942 | |c BK | ||
| 945 | |d 20051007 00:00:00 |a jcarroza | ||
| 260 | |a Nueva York |b Springer |c 1998 | ||
| 650 | 0 | |a Diseño de experimentos |9 260691 | |
| 650 | 0 | |a Análisis de varianza |9 336938 | |
| 650 | 0 | |a Estadística matemática |9 260028 | |
| 583 | |a last modification |c 20051007 00:00:00 |k Rodrigo Vera | ||
| 999 | |c 314832 |d 314830 | ||
| 952 | |0 0 |1 0 |4 0 |6 519_500000000000000_COB_1998 |7 0 |8 A |9 387582 |a BIBGIM |b BIBGIM |d 2019-11-22 |i 4172159 |o 519.5 COB 1998 |p 4172159 |r 2025-01-15 |w 2019-11-22 |y BK |k EST | ||